Loading...
| History - European | 0 | 4 | 0 | 2 | 40 | 51 | 99.00 | 0 | 1 | 0.00 | 0.00 |
| Religion | 0 | 5 | 2 | 1 | 40 | 102 | 125.00 | 0 | 0 | 0.00 | 0.00 |
| Philosophy | 0 | 4 | 0 | 0 | 40 | 108 | 116.75 | 1 | 1 | 0.00 | 0.00 |
| History - Other | 0 | 4 | 2 | 0 | 30 | 58 | 91.50 | 0 | 2 | 0.00 | 0.00 |
| Science - Physics | 0 | 3 | 0 | 1 | 30 | 117 | 119.33 | 0 | 1 | 0.00 | 0.00 |
| Social Science | 0 | 3 | 0 | 2 | 30 | 94 | 111.33 | 1 | 1 | 0.00 | 0.00 |
| Literature - European | 0 | 2 | 0 | 1 | 20 | 135 | 139.50 | 0 | 0 | 0.00 | 0.00 |
| Fine Arts - Painting and Sculpture | 0 | 2 | 0 | 0 | 20 | 50 | 84.00 | 0 | 1 | 0.00 | 0.00 |
| Mythology | 0 | 2 | 0 | 2 | 20 | 140 | 145.00 | 0 | 1 | 0.00 | 0.00 |
| Science - Biology | 0 | 1 | 0 | 0 | 10 | 94 | 94.00 | 0 | 0 | 0.00 | 0.00 |
| Fine Arts - Other | 0 | 1 | 0 | 0 | 10 | 147 | 147.00 | 0 | 0 | 0.00 | 0.00 |
| Current Events | 0 | 1 | 0 | 0 | 10 | 102 | 102.00 | 0 | 0 | 0.00 | 0.00 |
| Geography | 0 | 1 | 0 | 0 | 10 | 126 | 126.00 | 0 | 0 | 0.00 | 0.00 |
| History - World | 0 | 1 | 1 | 0 | 5 | 90 | 90.00 | 0 | 0 | 0.00 | 0.00 |
| Fine Arts - Classical Music | 0 | 1 | 1 | 1 | 5 | 124 | 124.00 | 0 | 0 | 0.00 | 0.00 |
| Literature - British | 0 | 1 | 1 | 1 | 5 | 137 | 137.00 | 0 | 0 | 0.00 | 0.00 |
| History - American | 0 | 1 | 2 | 0 | 0 | 105 | 105.00 | 0 | 0 | 0.00 | 0.00 |
| Literature - American | 0 | 0 | 0 | 0 | 0 | 0.00 | 0 | 0 | 0.00 | 0.00 | |
| Science - Chemistry | 0 | 0 | 1 | 0 | -5 | 0.00 | 0 | 0 | 0.00 | 0.00 | |
| Science - Other | 0 | 0 | 1 | 0 | -5 | 0.00 | 0 | 0 | 0.00 | 0.00 | |
| Other Academic | 0 | 0 | 1 | 0 | -5 | 0.00 | 0 | 0 | 0.00 | 0.00 | |
| Literature - World | 0 | 0 | 2 | 0 | -10 | 0.00 | 0 | 0 | 0.00 | 0.00 |